High field transport in semiconductors
Kaydedildi:
| Yazar: | |
|---|---|
| Materyal Türü: | Kitap |
| Dil: | İngilizce |
| Baskı/Yayın Bilgisi: |
Nueva York
Academic Press
1967
|
| Seri Bilgileri: | Solid State Physics, 9
|
| Konular: | |
| Etiketler: |
Etiketle
Etiket eklenmemiş, İlk siz ekleyin!
|
MARC
| LEADER | 00000nam a2200000 a 4500 | ||
|---|---|---|---|
| 001 | UCL7200 | ||
| 003 | CL-VaPUC | ||
| 008 | 040507e19670000US |||||||||||||||||eng|d | ||
| 020 | |a 012607769X | ||
| 082 | 0 | 4 | |a 537.622 |b CON |2 21 |
| 100 | 0 | |a Conwell, Esther M |e author |9 485024 | |
| 245 | 1 | 0 | |a High field transport in semiconductors |
| 300 | |a 293 p | ||
| 942 | |c BK | ||
| 945 | |d 20040507 00:00:00 |a cmena | ||
| 260 | |a Nueva York |b Academic Press |c 1967 | ||
| 650 | 7 | |a CAMPOS ELECTRICOS |2 CL-VaPUC |9 485025 | |
| 650 | 0 | |a Conductividad eléctrica |9 260251 | |
| 650 | 7 | |a FISICA DE LOS SEMICONDUCTORES |2 CL-VaPUC |9 357507 | |
| 650 | 0 | |a Semiconductores |9 260250 | |
| 583 | |a last modification |c 20040507 00:00:00 |k Rodrigo Vera | ||
| 490 | 0 | |a Solid State Physics, 9 | |
| 999 | |c 309051 |d 309049 | ||